000 00831 aa a2200217 4500
005 20120614104837.0
010 _a
020 _c300.00
_a8187247665 (भा-1)
035 _aB-148796
037 _bpub
082 _a327.54
100 _aओझा, शीला
_949015
245 _aसमकालीन भारतीय विदेश नीति /
_cशीला ओझा
246 _a
_b
260 _aजयपुर
_bश्याम प्रकाशन
_c2005
270 _a
_b
_e
300 _aभाग-1(160पृ)
_c22 सेमी (सजिल्द)
490 _a
_949016
942 _adpl
_cHN
_k
_2ddc
_h327.54
_mओझाशी
999 _c67889
_d67889